Responses for show #6575 - Friday, March 29, 2013

Rebecca Rider game 2.

Contestants

Michael Carvaines, an independent filmmaker originally from Parma, Ohio

Joan Kossack, a pre-K teacher from Carol Stream, Illinois

Rebecca Rider, an office supply sales assistant from Fresh Meadows, New York (whose 1-day cash winnings total $25,600)

Jeopardy! Round responses

LOGOMANIA
WORLD CITIES
(Alex: We want the traditional English name in...)
CONSTELLATION TRANSLATION
"BLACK" OR "WHITE"
A PERSON, PLACE & THING
(Alex: A person, place, or thing, you tell us.)
IN A MUSICAL MOOD
    $200 21
Mercedes (or Mercedes-Benz)

Joan
    $200 11
Glasgow

Michael
    $200 1
(Joan: What are lights?)

a crown

RebeccaJoan
    $200 6
white wine

Joan
    $200 26
Ford

Joan
    $200 15
"I've Been Working On The Railroad"

Rebecca
    $400 22
(Michael: What is PeopleSoft?)

Photoshop

Michael
Triple Stumper
    $400 12
Beijing

Michael
    $400 2
a whale

Rebecca
    $400 7
a black flag

Michael
    $400 27
Kobe

Joan
    $400 16
"Coal Miner's Daughter"

Rebecca
    $600 23
John Deere

Michael
    $1,800 13
Darwin

Michael
    $600 3
a shield

Triple Stumper
    $600 8
BlackBerry

Rebecca
    $600 28
Smith

Michael
    $600 17
(Michael: What is
"Blue Skies"?)

"You Are My Sunshine"

JoanMichael
    $800 24
(Rebecca: What is Jumpman?)

Air Jordan

RebeccaMichael
    $800 14
Ocho Rios

Joan
    $800 4
a clock

Rebecca
    $800 9
a black diamond

Michael
    $800 29
apple

Triple Stumper
    $800 18
Radiohead

Michael
    $1000 25
Wise

Rebecca
    $1000 20
Vladivostok

Rebecca
    $1000 5
a fox

Rebecca
    $1000 10
Whitehorse

Rebecca
    $1000 30
Parsons

Triple Stumper
    $1000 19
the Bronx & Staten Island

Michael

Scores at the first commercial break (after clue 15):

Rebecca Joan Michael
$4,200 $800 $3,600

Scores at the end of the Jeopardy! Round:

Rebecca Joan Michael
$5,800 $2,200 $6,400

Double Jeopardy! Round responses

BRITISH LITERARY QUOTES
WHAT'S YOUR BAILEY-WICK?
NATIONS' LEADERS IN 1900
GEMS
WORD ORIGINS
WORKING WITH PLATO
(Alex: Not Play-Doh.)
    $400 1
Emma

Rebecca
    $400 2
It's A Wonderful Life

Rebecca
    $400 22
Russia

Joan
    $400 16
rubies

Rebecca
    $400 11
score

Joan
    $400 21
Aristotle

Michael
    $800 7
Bridget Jones

Rebecca
    $800 3
P.T. Barnum

Rebecca
    $800 23
(Joan: What is Austria?)

the Netherlands

JoanMichael
    $800 17
turquoise

Joan
    $800 12
(Alex: The liquor is rum, the dance is [*].)

rhumba

Triple Stumper
    $800 27
Pythagoras

Michael
    $1200 8
Sherlock Holmes

Rebecca
    $1200 4
Texas

Rebecca
    $1200 24
the Ottoman Empire

Michael
    $1200 18
(Michael: What is topaz?)
...
(Alex: [*], Achates, yes.)

agate

JoanMichael
    $1200 13
haughty

Joan
    $1200 28
Atlantis

Michael
    $1600 9
Jane Eyre

Triple Stumper
    $1600 5
(Alex: And that famous attorney is [*].)

F. Lee Bailey

Triple Stumper
    $1600 25
Mexico

Rebecca
    $1600 19
amethysts

Rebecca
    $1600 14
(Joan: What is licentiousness?)
(Michael: What is debauchery?)

hedonism

RebeccaJoanMichael
    $2,000 29
(Michael: What is the Lyceum?)

the Academy

Michael
    $2000 10
Beatrix Potter

Rebecca
    $2000 6
photography

Joan
    $2000 26
Prussia

Michael
    $6,000 20
(Rebecca: What is carbarundum?)

the bloodstone

Rebecca
    $2000 15
(Alex: [*], from the god Pan.)

panic

Joan
    $2000 30
Plato's Republic

Joan

Scores at the end of the Double Jeopardy! Round:

Rebecca Joan Michael
$11,800 $9,800 $8,000

[wagering suggestions for these scores]

Final Jeopardy! Round responses

PRESIDENTIAL ELECTIONS
(Alex: [To Joan] Yes, vice president, once as president.)
...
(Alex: [To Rebecca] He ran as vice president with Reagan, and on the presidential ticket by himself.)
MichaelWho is Cleveland?
$7,900
JoanWho is Nixon?
$7,000
RebeccaWho is George H.W. Bush?
$9,000
Richard Nixon or George H.W. Bush

Final scores:

Rebecca Joan Michael
$20,800 $16,800 $100
2-day champion: $46,400 2nd place: $2,000 3rd place: $1,000

Game dynamics:

Coryat scores:

Rebecca Joan Michael
$17,800 $9,800 $8,800
21 R,
2 W
(including 1 DD)
14 R,
3 W
16 R
(including 1 DD),
5 W
(including 1 DD)

Combined Coryat: $36,400

The J! Archive is created by fans, for fans. The Jeopardy! game show and all elements thereof, including but not limited to copyright and trademark thereto, are the property of Jeopardy Productions, Inc. and are protected under law. This website is not affiliated with, sponsored by, or operated by Jeopardy Productions, Inc. Join the discussion at JBoard.tv.